Entertaining electronic (Record no. 13611)
[ view plain ]
| 000 -LEADER | |
|---|---|
| fixed length control field | 00671nam a22002412 4500 |
| 001 - CONTROL NUMBER | |
| control field | 13611 |
| 003 - CONTROL NUMBER IDENTIFIER | |
| rucl marc code | UkOxU |
| 005 - DATE AND TIME OF LATEST TRANSACTION | |
| control field | 20211208235500.0 |
| 008 - FIXED-LENGTH DATA ELEMENTS--GENERAL INFORMATION | |
| fixed length control field | 140201s1977 ru b 000 0 rus d |
| 035 ## - SYSTEM CONTROL NUMBER | |
| System control number | OCLC ocm09227691 from D971021M |
| -- | (BD-RjUL)13663 |
| 040 ## - CATALOGING SOURCE | |
| Original cataloging agency | DLC |
| Transcribing agency | NDD |
| Modifying agency | NDD |
| -- | BD-RjUL |
| Language of cataloging | eng |
| 041 ## - LANGUAGE CODE | |
| Language code of text/sound track or separate title | eng |
| 082 ## - DEWEY DECIMAL CLASSIFICATION NUMBER | |
| Classification number | 621.38 |
| Author mark and year | SEE 1977 |
| 100 1# - MAIN ENTRY--PERSONAL NAME | |
| Personal name | Sedov, E. A. |
| Fuller form of name | (Evgeniĭ Aleksandrovich) |
| 9 (RLIN) | 42593 |
| 245 10 - TITLE STATEMENT | |
| Title | Entertaining electronic |
| Statement of responsibility, etc. | E. A. Sedov. |
| 260 ## - PUBLICATION, DISTRIBUTION, ETC. (IMPRINT) | |
| Place of publication, distribution, etc. | Moskva : |
| Name of publisher, distributor, etc. | Nauka, |
| Date of publication, distribution, etc. | c1977. |
| 300 ## - PHYSICAL DESCRIPTION | |
| Pagination | 351 p. ; |
| Size | 20 cm. |
| 650 #0 - SUBJECT ADDED ENTRY--TOPICAL TERM | |
| Topical term or geographic name as entry element | Entertaning |
| 9 (RLIN) | 42594 |
| Topical term or geographic name as entry element | Evolution. |
| 9 (RLIN) | 42595 |
| 942 ## - ADDED ENTRY ELEMENTS (KOHA) | |
| Source of classification or shelving scheme | Dewey Decimal Classification |
| Koha item type | Books |
| Lost status | Source of classification or shelving scheme | Damaged status | Not for loan | Collection code | Permanent Location | Current Location | Shelving location | Date acquired | Source of acquisition | Cost, normal purchase price | Total Checkouts | Full call number | Date last seen | Copy number | Koha item type |
|---|---|---|---|---|---|---|---|---|---|---|---|---|---|---|---|
| Dewey Decimal Classification | Not For Loan | Non-fiction | Central Library, University of Rajshahi | Central Library, University of Rajshahi | Reading Room | 13/06/1979 | standard pub. | 48.00 | 621.38 SEE 1977 | 01/02/2014 | C-1 | Books |